LEADER 01133nam0-22003731i-450- 001 990001316710403321 010 $a0-8218-4562-4 035 $a000131671 035 $aFED01000131671 035 $a(Aleph)000131671FED01 035 $a000131671 100 $a20000920d1991----km-y0itay50------ba 101 0 $aeng 200 1 $aConformal mappings and boundary value problems$fGuo Chun Wen. 210 $aProvidence$cAmerican Mathematical Society$d1991. 215 $aviii, 303 p.$d24 cm 225 1 $aTranslations of mathematical monographs$v106 300 $aTranslation from the Chinese by Kuniko Weltin 610 0 $aTeoria delle funzioni complesse 610 0 $aTrasformazioni conformi 610 0 $aFunzioni intere e meromorfe 610 0 $aProblemi al contorno 676 $a515.9 700 1$aWen,$bGuochun$f<1930- >$059627 801 0$aIT$bUNINA$gRICA$2UNIMARC 901 $aBK 912 $a990001316710403321 952 $aC-29-(106$b10067$fMA1 959 $aMA1 962 $a30C35 962 $a30E25 996 $aConformal mappings and boundary value problems$9382576 997 $aUNINA DB $aING01 LEADER 01243nam--2200409---450- 001 990000768370203316 005 20060315114312.0 010 $a88-350-8730-9 035 $a0076837 035 $aUSA010076837 035 $a(ALEPH)000076837USA01 035 $a0076837 100 $a20011123d1994----km-y0itay0103----ba 101 $aita 102 $aIT 105 $a||||||||001yy 200 1 $aMolise$fSebastiano Martelli, Giambattista Faralli 210 $aBrescia$cLa scuola$dc1994 215 $a266 p$d21 cm 225 2 $aLetteratura delle regioni d'Italia$iStoria e testi 300 $aSegue: Antologia 410 $12001$aLetteratura delle regioni d'Italia$iStoria e testi 410 $12001 606 0 $aLetteratura italiana$xAutori molisani$xAntologia 676 $a850.80945719 700 1$aMARTELLI,$bSebastiano$0155178 801 0$aIT$bsalbc$gISBD 912 $a990000768370203316 951 $aVI.3. Coll.61/ 18(V B COLL. 159/18)$b146481 LM$cV B COLL. 959 $aBK 969 $aUMA 979 $aPATTY$b90$c20011123$lUSA01$h1458 979 $c20020403$lUSA01$h1724 979 $aPATRY$b90$c20040406$lUSA01$h1653 979 $aCOPAT5$b90$c20060315$lUSA01$h1143 996 $aMolise$9964262 997 $aUNISA LEADER 01067nam2 22002651i 450 001 UON00039446 005 20231205102139.172 100 $a20020107d1970 |0itac50 ba 101 $aeng 102 $aDZ 105 $a|||| 1|||| 200 1 $aEducation 210 $a[Alger$cMinistry of Information and Culture]$d1970 215 $a81 p.$cill.$d21 cm 461 1$1001UON00039440$12001 $aˆThe ‰Faces of Algeria$1210 $a[Alger$cMinistry of Information and Culture$d19-$1215 $a p.$d cm$v7 606 $aEDUCAZIONE$xALGERIA$3UONC013329$2FI 620 $aNL$dAmsterdam$3UONL001817 686 $aALG I$cALGERIA - INTERDISCIPLINARE$2A 712 $aMinistère de l'Information et de la Culture (Algeria)$3UONV252021$4650 801 $aIT$bSOL$c20240220$gRICA 899 $aSIBA - SISTEMA BIBLIOTECARIO DI ATENEO$2UONSI 912 $aUON00039446 950 $aSIBA - SISTEMA BIBLIOTECARIO DI ATENEO$dSI ALG I 006 (7) $eSI SA 11440 5 006 (7) 996 $aEducation$960259 997 $aUNIOR